Azúcar y esclavitud en el final del trabajo forzado: homenaje a M. Moreno Fraginals.

Gorde:
Xehetasun bibliografikoak
Egile nagusia: Piqueras, José Antonio
Formatua: Liburua
Hizkuntza:gaztelania
Argitaratua: Madrid, España Fondo de Cultura Económica 2002
Saila:Sección de Obras de Historia
Gaiak:
Etiketak: Etiketa erantsi
Etiketarik gabe, Izan zaitez lehena erregistro honi etiketa jartzen!

MARC

LEADER 00000nam a2200000 a 4500
001 UCM9853
003 CL-VaPUC
005 20220829094355.0
008 030523e20020000SP |||||||||||||||||spa|d
999 |c 303936  |d 303934 
040 |c Pontificia Universidad Católica de Valparaíso 
082 0 4 |a 326 PIQ 2002  |2 21 
100 0 |a Piqueras, José Antonio  |9 476452 
245 1 0 |a Azúcar y esclavitud en el final del trabajo forzado: homenaje a M. Moreno Fraginals. 
260 0 3 |a Madrid, España  |b Fondo de Cultura Económica  |c 2002 
300 |a 398 páginas 
490 0 |a Sección de Obras de Historia 
583 |a last modification  |c 20030523 00:00:00  |k Rodrigo Vera 
650 0 |a Esclavitud  |9 323605 
650 0 |a Historia de América  |9 266076 
650 0 |a Abolición de la esclavitud  |9 398424 
942 |c BK  |2 ddc 
945 |d 20030523 00:00:00  |a cmena 
952 |0 0  |1 0  |2 ddc  |4 0  |6 326_000000000000000_PIQ_2002  |7 0  |8 A  |9 365605  |a BIBHIS  |b BIBHIS  |d 2019-11-21  |i 3890007  |o 326 PIQ 2002  |p 3890007  |r 2025-01-20  |t 1  |w 2019-11-21  |y BK  |k HIS